000 00781nam a2200205Ia 4500
008 130821s2005 xxua gr eng
020 _a0 691 12340 3
040 _aCo-BoUCM
_bspa
041 0 0 _aeng
100 1 _aWelch, David A.
_9169468
245 1 0 _aPainful choices a theory of foreign policy change
_cDavid A. Welch
260 _aPrinceton (Nueva Jersey, Estados Unidos)
_bPrinceton University Press
_c2005
300 _axii, 275 páginas
_bilustraciones, gráficas
504 _aIncluye referencias bibliográficas e índices.
650 _aFilosofía política
_915841
650 _aRelaciones internacionales
_98042
650 _aRelaciones internacionales
_xFilosofía
_983256
942 _cLIBRO
_a6
_e1
_mW439p
_2DEWEY
_h327.101
999 _c76386
_d76386